000 00419nam a2200181Ia 4500
008 210210b1913 xxu||||| |||| 00| 0 eng d
041 _aeng
082 _a829/755
100 _aMEREDITH (G)
245 _aOrdeal of Richard Feveral
260 _aLondon
_bConstable & Co Ltd.
_c1913
650 _aRichard
650 _aOrdeal
650 _aof
650 _aFeveral
690 _aEnglish Fiction
906 _a017354
999 _c137320
_d137320